00350nam a2200133Ia 4500008004100000020001500041041001200056082001600068100001400084245005000098260004500148300000800193650001500201221030s9999 xx 000 0 und d a0195672623 aEnglish a105.23bPal aA. Palmer 0aIntroduction to Marketing - Theory & Practice bOxford University PressaNew Delhic2004 a295 aManagement